000 00689nam a22001577a 4500
003 OSt
005 20151209100513.0
008 151209b xxu||||| |||| 00| 0 eng d
040 _cRUA
082 _aATM KUN 2005 B193 Or.1
100 _94571
_aKUNG, BUNTHORN.
245 _ahousehold buffalo credit scheme at borebo district, kampong chhnang province (ការសិក្សាគំរោងឥនទានធនាគារក្របីជាលក្ខណៈគ្រួសារនៅក្នុងស្រុកបរិបូរណ៍ ខេត្តកំពង់ឆ្នាំង)
260 _aPhnom Penh
_bRUA
_c2005
300 _avi, 41p.
_bill.
_c29cm.
942 _2ddc
_cATM
999 _c4260
_d4260